Strategic behaviour and industrial competition
Saved in:
| Other Authors: | |
|---|---|
| Format: | Book |
| Language: | English |
| Published: |
Oxford :
Oxford University Press,
1987.
|
| Subjects: | |
| Tags: |
Add Tag
No Tags, Be the first to tag this record!
|
MARC
| LEADER | 00000cam a2200000 i 4500 | ||
|---|---|---|---|
| 001 | 1/36411 | ||
| 008 | 960919s1986 enk| ||| |||| ||eng|| | ||
| 020 | |a 0198285620 | ||
| 035 | |a ΠΑΡ-1995 |b 07/26 |c ΣΕΡΕΜΕΤΗΣ |l 10024479 | ||
| 040 | |a GR-MyUa |b gre |e AACR2 | ||
| 041 | 1 | |a eng | |
| 082 | 7 | |a 338.6 |2 (22) | |
| 245 | 0 | 0 | |a Strategic behaviour and industrial competition / |c edited by: D.J. Morris... [κ.ά.]. |
| 260 | |a Oxford : |b Oxford University Press, |c 1987. | ||
| 300 | |a 243 σ. ; |c 24 εκ. | ||
| 504 | |a Περιλαμβάνει βιβλιογραφικές παραπομπές. | ||
| 650 | 0 | |a Industrial organization (Economic theory) | |
| 700 | 1 | |a Morris, Derek |q (Derek J.) |e edt | |
| 852 | |a INST |b CHIOS |e 19960919 |h 338.6 STR |p 005200011740 |q 005200011740 |t BK |y 0 | ||